02095cam a22004098i 450000100090000000300070000900500170001600600190003300700150005200800410006701000170010802000270012502000310015203500130018304000230019604200080021905000100022706000100023708200160024724500840026326000090034726300090035626400300036530000220039533600260041733700260044333800360046950400510050552007310055658801030128765000290139065000600141965000290147965000190150870000260152777601320155321822675yeezen20250717160948.0m |o d | cr |||||||||||201112s2021 nyu ob 001 0 eng  a 2020051161 a9781626232037q(ebook) z9781626232020q(paperback) a21822675 aDLCbengcDLCerda apcc00aRD76800aWE72700a617.47122300aInstrumentation for minimally invasive spine surgery /c[edited by] Kern Singh. c2021 a2101 1aNew York :bThieme,c2021 a1 online resource atextbtxt2rdacontent acomputerbc2rdamedia aonline resourcebcr2rdacarrier aIncludes bibliographical references and index. a"In recent decades, technological innovations in minimally invasive surgery have revolutionized spine surgery. The integration of devices tailored to MIS spine techniques has allowed spine surgeons to tackle more complex spinal pathologies and generate new ways to improve clinical outcomes. Instrumentation for Minimally Invasive Spine Surgery by renowned orthopaedic surgeon Kern Singh and esteemed collaborators provides practical, evidence-based insights into important surgical decisions spine surgeons face every day. The primary goal of this book is to help spine surgeons navigate a daunting number of available devices and leverage the most optimal ones to achieve improved patient outcomes"--cProvided by publisher. aDescription based on print version record and CIP data provided by publisher; resource not viewed.12aSpinal Diseasesxsurgery12aMinimally Invasive Surgical Proceduresxinstrumentation22aSpinal Injuriesxsurgery22aSpinexsurgery1 aSingh, Kern,eeditor.08iPrint version:tInstrumentation for minimally invasive spine surgerydNew York : Thieme, 2021.z9781626232020w(DLC) 2020051160